UBT Library

Understanding normal and clinical nutrition / (Record no. 44612)

000 -LEADER
fixed length control field 00755cam a22002414a 4500
001 - CONTROL NUMBER
control field 13892468
005 - DATE AND TIME OF LATEST TRANSACTION
control field 20180309081634.0
008 - FIXED-LENGTH DATA ELEMENTS--GENERAL INFORMATION
fixed length control field 050308s2006 caua b 001 0 eng
010 ## - LIBRARY OF CONGRESS CONTROL NUMBER
LC control number 2005923766
020 ## - INTERNATIONAL STANDARD BOOK NUMBER
International Standard Book Number 0534622089
040 ## - CATALOGING SOURCE
Original cataloging agency DLC
Transcribing agency DLC
Modifying agency DLC
041 ## - LANGUAGE CODE
Language code of text/sound track or separate title eng
042 ## - AUTHENTICATION CODE
Authentication code pcc
080 ## - UNIVERSAL DECIMAL CLASSIFICATION NUMBER
Universal Decimal Classification number 613.2 ROL
082 00 - DEWEY DECIMAL CLASSIFICATION NUMBER
Classification number 613.2 ROL
Edition number 23
100 1# - Rafti
Rafti 10
101 ## - Shkurtesa
Shkurtesa NUT
245 10 - TITLE STATEMENT
Title Understanding normal and clinical nutrition /
Statement of responsibility, etc Sharon Rady Rolfes, Kathryn Pinna, Eleanor Noss Whitney.
504 ## - BIBLIOGRAPHY, ETC. NOTE
Bibliography, etc Includes bibliographical references and index.
906 ## - LOCAL DATA ELEMENT F, LDF (RLIN)
a 7
b cbc
c orignew
d 3
e epcn
f 20
g y-gencatlg
942 ## - ADDED ENTRY ELEMENTS (KOHA)
Source of classification or shelving scheme
Item type Books
Holdings
Withdrawn status Lost status Source of classification or shelving scheme Damaged status Not for loan Collection code Permanent location Current location Shelving location Date acquired Total Checkouts Full call number Barcode Date last seen Price effective from Koha item type
          Koleksioni i përgjithshem UBT - Lipjan UBT - Lipjan Koleksioni i përgjithshem 03/09/2018   613.2 ROL 002-3001425 03/09/2018 03/09/2018 Books
UBT Library © 2015-2024. All rights reserved University Education for Business and Technology